National Trust for Places of Historic Interest or Natural Beauty v Knipe and another (Record no. 51500)

MARC details
000 -LEADER
fixed length control field 01360cab a2200241 4500
001 - CONTROL NUMBER
control field ABS57774
008 - FIXED-LENGTH DATA ELEMENTS--GENERAL INFORMATION
fixed length control field 090401t1997 xxu||||| |||| 00| 0 eng d
035 ## - SYSTEM CONTROL NUMBER
System control number (Sirsi) u81696
041 ## - LANGUAGE CODE
Language code of text/sound track or separate title eng
245 ## - TITLE STATEMENT
Title National Trust for Places of Historic Interest or Natural Beauty v Knipe and another
260 ## - PUBLICATION, DISTRIBUTION, ETC.
Date of publication, distribution, etc. 1997
350 ## - PRICE (NR) (BK AM CF MU VM SE) [OBSOLETE]
Price 0
490 ## - SERIES STATEMENT
Series statement Estates Gazette Law Reports
Volume/sequential designation [1997] 40 EG 151-157(7)
520 ## - SUMMARY, ETC.
Summary, etc. CA 15 May 1997. Plaintiff landlords let to the defendants an agricultural holding which included a dwelling house. The landlords served a notice to quit under the Agricultural Holdings Act 1986, after the tenants failed to comply with a notice to pay rent. The tenants contended that the notice was invalid because it failed to comply with Protection from Eviction Act 1977 s5. The CC held that where primarily agricultural premises are let containing a dwelling-house, the premises are let as a dwelling within the meaning of s5 of the 1977 Act. The landlords appealed. Appeal allowed as the premises were let as an agricultural holding and not as a dwelling.
650 ## - SUBJECT ADDED ENTRY--TOPICAL TERM
Topical term or geographic name entry element AGRICULTURAL HOLDINGS ACT 1986
650 ## - SUBJECT ADDED ENTRY--TOPICAL TERM
Topical term or geographic name entry element AGRICULTURAL HOLDINGS
650 ## - SUBJECT ADDED ENTRY--TOPICAL TERM
Topical term or geographic name entry element DWELLING HOUSE
650 ## - SUBJECT ADDED ENTRY--TOPICAL TERM
Topical term or geographic name entry element EVICTION ACT 1977
650 ## - SUBJECT ADDED ENTRY--TOPICAL TERM
Topical term or geographic name entry element NOTICE TO QUIT
690 ## - LOCAL SUBJECT ADDED ENTRY--TOPICAL TERM (OCLC, RLIN)
Topical term or geographic name as entry element LANDLORD AND TENANT-CASE LAW-AGRICULTURAL TENANCIES
942 ## - ADDED ENTRY ELEMENTS (KOHA)
Suppress in OPAC 0
948 ## - LOCAL PROCESSING INFORMATION (OCLC); SERIES PART DESIGNATOR (RLIN)
c (OCLC) 28/10/1997
Holdings
Withdrawn status Lost status Source of classification or shelving scheme Damaged status Not for loan Home library Current library Shelving location Date acquired Total Checkouts Full call number Barcode Date last seen Copy number Price effective from Koha item type
    Dewey Decimal Classification     London London Journal article 14/09/1999   ABS57774 81696-1001 06/08/2019 1 06/08/2019 Law report